000 00402nam a2200133Ia 4500
008 171212s9999 xx 000 0 und d
020 _a9781922144164
100 _aPlumwood, Val
245 _cPlumwood, Val
_aThe Eye of the Crocodile
260 _bANU E Press
_c2012
650 _aPhilosophy
650 _aPredation (Biology); Philosophy of nature
856 _uwww.jstor.org/stable/10.2307/j.ctt24hcd2
999 _c351358
_d351358